<?xml version="1.0" encoding="UTF-8"?>
<marc:record xmlns:marc="http://www.loc.gov/MARC21/slim">
   <marc:leader>00000nam a2200000 a 4500</marc:leader>
   <marc:datafield ind1="1" ind2=" " tag="100">
      <marc:subfield code="a">Wenz, Tanja</marc:subfield>
      <marc:subfield code="4">aut</marc:subfield>
      <marc:subfield code="e">Verfasser/-in</marc:subfield>
   </marc:datafield>
   <marc:datafield ind1=" " ind2=" " tag="653">
      <marc:subfield code="a">Trauer</marc:subfield>
   </marc:datafield>
   <marc:datafield ind1=" " ind2=" " tag="653">
      <marc:subfield code="a">Antolin</marc:subfield>
   </marc:datafield>
   <marc:datafield ind1=" " ind2=" " tag="653">
      <marc:subfield code="a">Klasse-2</marc:subfield>
   </marc:datafield>
   <marc:datafield ind1="0" ind2="0" tag="245">
      <marc:subfield code="a">Das Geschenk des Elefanten</marc:subfield>
   </marc:datafield>
   <marc:datafield ind1="0" ind2="0" tag="245">
      <marc:subfield code="b">eine Geschichte über Trauer und den Trost der Erinnerung</marc:subfield>
   </marc:datafield>
   <marc:datafield ind1=" " ind2="1" tag="264">
      <marc:subfield code="b">Verlag Herder</marc:subfield>
      <marc:subfield code="c">2023</marc:subfield>
   </marc:datafield>
   <marc:datafield ind1="1" ind2=" " tag="520">
      <marc:subfield code="a">Alle Freunde sind furchtbar traurig, denn Elefant weiß, dass er bald sterben wird. Doch zum Trost verspricht er ihnen, dass sie nach seinem Tod ein wunderbares Geschenk erhalten werden. Ein warmherziges und tröstliches Bilderbuch über den Tod, die Trauer und den Trost der Erinnerung. Ab 3.</marc:subfield>
   </marc:datafield>
   <marc:datafield ind1=" " ind2=" " tag="020">
      <marc:subfield code="a">9783451716195</marc:subfield>
      <marc:subfield code="9">9783451716195</marc:subfield>
   </marc:datafield>
</marc:record>
